Methods of the allocation of limited resources
Đã lưu trong:
| Tác giả chính: | |
|---|---|
| Định dạng: | Sách |
| Ngôn ngữ: | Tiếng Anh |
| Được phát hành: |
Nueva York
John Wiley
1983
|
| Những chủ đề: | |
| Các nhãn: |
Thêm thẻ
Không có thẻ, Là người đầu tiên thẻ bản ghi này!
|
MARC
| LEADER | 00000nam a2200000 a 4500 | ||
|---|---|---|---|
| 001 | UCS2967 | ||
| 003 | CL-VaPUC | ||
| 008 | 970609e19830000US |||||||||||||||||eng|d | ||
| 082 | 0 | 4 | |a 510 |b MJE |2 21 |
| 100 | |a Mjelde, K. M. |e autor |9 388877 | ||
| 245 | 1 | 0 | |a Methods of the allocation of limited resources |
| 300 | |a 88 p | ||
| 942 | |c BK | ||
| 945 | |d 19970609 00:00:00 |a amoreno | ||
| 260 | |a Nueva York |b John Wiley |c 1983 | ||
| 650 | 7 | |a PROGRAMACION FRACCIONAL |2 CL-VaPUC |9 388878 | |
| 650 | 0 | |a Metodología |9 256610 | |
| 583 | |a last modification |c 19970609 00:00:00 |k Rodrigo Vera | ||
| 999 | |c 260841 |d 260839 | ||
| 952 | |0 0 |1 0 |4 0 |6 510_000000000000000_MJE_1983 |7 0 |8 A |9 287360 |a BIBING |b BIBING |d 2019-11-19 |i 3315509 |o 510 MJE 1983 |p 3315509 |r 2025-01-20 |w 2019-11-19 |y BK |k EII | ||